| 000 | 00490nam a2200205Ia 4500 | ||
|---|---|---|---|
| 003 | OSt | ||
| 005 | 20250714152835.0 | ||
| 008 | 210210b1988 xxu||||| |||| 00| 0 eng d | ||
| 040 | _cAL | ||
| 041 | _aEnglish | ||
| 082 | _a658 CHHP | ||
| 100 |
_aChhabra T N _9146113 |
||
| 245 | _aPrinciples and practice of management | ||
| 250 | _a4 | ||
| 260 |
_aDelhi. _bDhanpat Rai & Co (P) Ltd., _c1988 |
||
| 300 | _ax,632 | ||
| 690 |
_aManagement _9146121 |
||
| 906 | _a043026 | ||
| 942 |
_2ddc _cBK |
||
| 999 |
_c92640 _d92640 |
||